Quizzes
Events
Quiz Creation
Community
Videos
Private Events
Remove Ads
Sign In
Join for FREE
Feedback
Dark Mode
Quiz Categories
Sports
Geography
Music
Movies
Television
Just For Fun
Miscellaneous
History
Literature
Language
Science
Gaming
Entertainment
Religion
Holiday
For Kids
Quiz Lab
Recent
Popular Today
Quiz Kudos Today
Editor Picks
Curator Picks
Quizzes by...
Day
Popularity
Type
Ratings
Length
Year
Community
Subscriptions
Recent Discussions
Orange Saloon
Badges
Playlists
Quests
Create
Leaderboards
Showdown
Live 5
Trivia Bingo
Activity
Puzzle Library
Sporcle Events
Private Events
Virtual Trivia
Globe League
Become a Host
Pub Owners
SporcleCon
Opinionation
Our Games
Videos
Blog
Mobile Apps
Partnerships
Remove Ads and Go Orange
Feedback
Movies
Disney
Marvel Cinematic Universe
Movie Resume
Movie Titles
Oscar
Actor
Actress
Director
Pixar
Role
Movie Quotes
Movie Characters
Box Office
Nominee
Best Picture
Star Wars
James Bond
Horror Movies
Movies
Disney
Marvel Cinematic Universe
Movie Resume
Movie Titles
Oscar
Actor
Actress
Director
Pixar
Role
Movie Quotes
Movie Characters
Box Office
Nominee
Best Picture
Star Wars
James Bond
Horror Movies
Random Quiz
Search Sporcle
×
Quiz Lab
Quiz Lab
Movies
Forrest Gump
Type in answers that appear in a list
Type in answers that appear in a list
Classic
Best Score? Go Orange.
The Best Forrest Gump Quiz Stats
Can you name the The Best Forrest Gump Quiz?
By
ukwildcats
20m
50 Questions
467 Plays
467 Plays
467 Plays
Comments
Comments
Give Quiz Kudos
Give Quiz Kudos
-
- Ratings
hide this ad
Replay
Link that replays current quiz
Next Quiz
Link to next quiz in quiz playlist
You Got
0%
They Got
Avg Score
42%
Avg Friend Score
Upgrade to see
Score Distribution
Jump to the score distribution portion of the page
Score
0/50
Timer
20:00
0
Plays Today
% Correct
Greenbow, Alabama
93.1%
Elvis Presley
71.9%
Alabama
70.2%
75
69%
shoe
68.7%
1994
68.7%
feather
65.3%
Running
61.7%
Hound Dog
60.8%
Cancer
54%
Tuesday
53.4%
John Lennon
53.3%
on vacation
52.9%
Shot
52.4%
bird
51.7%
one
50.5%
Saturday
49.1%
girls only
47.1%
butt
46.7%
Aids
46.1%
Big gums
46%
5
45.8%
Curious George
45.6%
I gotta pee
44.8%
Medal of honor
44.8%
% Correct
Million dollar
43.3%
Dog
43.1%
Titanium
42.3%
f word
40.5%
socks
39.8%
Nurse
37%
Forrest
35.1%
four
34.9%
Magic Legs
34.1%
Under their tree
33.7%
crooked as a politician
32.8%
Bert and Ernie
32.5%
44
28.9%
Dorthy Harris
28.5%
Angel
27.8%
Son
25.7%
Fortunate son
23.8%
where you go somewhere and you don't ever come back
18.6%
Bear Bryant
17.8%
Dance
17.3%
George Wallace
13.5%
3 years 2 months 14 days 16 hours
13.1%
Snapper
12.8%
Rebel Flag
12.4%
Creekmore Avenue
11.3%
Quiz Playlist
Details
Report
Send in Message
Add To Playlist
Classic:
Type in answers that appear in a list
Last Updated: Feb 16, 2017
Quiz Scoreboard
CHALLENGE
Sign Up to Join the Scoreboard
Show All
Scores
Hide
Comments
May contain spoilers
Recently Published
College Basketball Coaching Resumes
by pancakes188
Sports
9m
Billboard Blitz: Fleetwood Mac
by CooCooCachoo
Music
15s
Presidents Visiting Landmarks
by Hejman
History
7m
More to Explore
Quiz From the Vault
Featured Blog Post
Where Did the Easter Bunny Come From?
hide this ad
You Might Also Like...
Tags
forrest
Forrest Gump
gump
Today's Top Quizzes in Movies
Browse Movies
hide this ad
Today's Top Quizzes in Forrest Gump
Browse Forrest Gump
Top Contributed Quizzes in Movies
1
Pick 5 Posters: Directed by Spielberg
2
7-to-1: Pixar Characters
3
Pick 5 Posters: Lowest-Rated Spielberg
4
Pick 5 Posters: Directed by Scorsese
5
Sorting Actors
6
Sorting Actresses
7
Pick 5 Posters: Star & Director
8
Pick 5 Posters: Women Directed 2020s
9
12 Movies about Fictional 1960s Events
10
Multi-Oscar Nominations, One Movie, One Winner
Explore More
Trending Topics
Disney
Marvel
Kpop
Anime
Crossword
Harry Potter
NBA
The Office
Soccer
Puzzle
Song
Pokémon
Country
NFL
WWE
hide this ad
More By:
ukwildcats
Quiz
Plays
Rating
Category
Featured
Created
The Best Forrest Gump Quiz
467
2.00
Movies
Apr 18, 2012
Go to Creator's Profile
Score Distribution
Quiz Creator Spotlight
ukwildcats
Follow
Send a Message
Quizzes Created
-
Created Quiz Play Count
-
More By This Creator
Popular Quizzes Today
1
Find the US States - No Outlines Minefield
2
Find the Countries of Europe - No Outlines Minefield
3
The Countries of the World
4
Find the US States
5
Risky Map Clicking: Biggest States A-Z
6
US States
7
Popular People in 1961
8
Movies - When Are They Set?
More Movies Quizzes
Average Joe's Opponents
Editor's Pick
Trending Quizzes
Risky Map Clicking: Least Populous States A-Z
1-10 Letter G Words
1-10 Letter F Words
Risky Map Clicking: Next State Alphabetically
Click the Washington State Counties! (Map)
Recently Updated
Leaping Animals
pecheneg
Reality TV Shows (A-Z)
bhenderson79
Rickey Henderson's Hall of Fame Teammates
pecheneg
Champions League XIs: Arsenal
pecheneg
Quick Pick: Celebrities in WWE's Hall of Fame
aduchscher
A-Z Keypad Blitz II
pecheneg
Multiple Oscar Actors
pecheneg
Mystery Phrase Blitz: Oscar 'Best Actors'
pecheneg
F. Scott Fitzgerald Novels
LTH
Pick 3 Villains
ddd62291
Trending Topics
Anime
NBA
Harry Potter
Kpop
Crossword
Disney
Marvel
The Office
WWE
Puzzle
Country
Pokémon
Soccer
Song
NFL
Your Account Isn't Verified!
In order to create a playlist on Sporcle, you need to verify the email address you used during registration. Go to your
Sporcle Settings
to finish the process.
Report this User
Report this user for behavior that violates our
Community Guidelines
.
Details:
Send Report
Go to the Sporcle.com Mobile Site →
Comments